Tercera parte del grande hijo de David, Christo señor nuestro (Record no. 8431)

MARC details
000 -CABECERA
campo de control de longitud fija 01038nam a2200241 a 4500
001 - NÚMERO DE CONTROL
campo de control BRCA_8780
005 - FECHA Y HORA DE LA ÚLTIMA TRANSACCIÓN
campo de control 20190320210416.0
008 - DATOS DE LONGITUD FIJA--INFORMACIÓN GENERAL
campo de control de longitud fija 040417s1733----sp-#######---#000-0#spa-#
041 ## - CÓDIGO DE LENGUA
Código de lengua del texto/banda sonora o título independiente spa
044 ## - CÓDIGO DEL PAÍS DE LA ENTIDAD EDITORA/PRODUCTORA
Código MARC del país sp
084 ## - OTRO NÚMERO DE CLASIFICACIÓN
Número de clasificación BE149
Número de documento/Ítem .L69 1733
100 1# - ENTRADA PRINCIPAL--NOMBRE DE PERSONA
Nombre de persona Lozano, Christobal
Fechas asociadas al nombre 1609 - 1667
9 (RLIN) 21879
245 10 - MENCIÓN DE TÍTULO
Título Tercera parte del grande hijo de David, Christo señor nuestro
Resto del título historia evangelica, y sagrada, adornada de varias, y admirable historias, dulces exemplos, para gobierno de la vida christiana
Mención de responsabilidad, etc. escriviola en parte, el doctor Don Christoval Lozano; y la prosigue el doctor Don Gaspar Lozano su sobrino...
260 ## - PUBLICACIÓN, DISTRIBUCIÓN, ETC.
Lugar de publicación, distribución, etc. Madrid
Nombre del editor, distribuidor, etc. En la Imprenta de Manuel Roman
Fecha de publicación, distribución, etc. 1733
300 ## - DESCRIPCIÓN FÍSICA
Extensión [12], 295 p.
Dimensiones 21.4 x 14.5 cm.
500 ## - NOTA GENERAL
Nota general Con licencia
500 ## - NOTA GENERAL
Nota general Estado físico: presenta encuadernación en pergamino, con cintas rotas y lomo semi desprendido
650 14 - PUNTO DE ACCESO ADICIONAL DE MATERIA--TÉRMINO DE MATERIA
Término de materia o nombre geográfico como elemento de entrada Jesucristo
Subdivisión cronológica Obras anteriores a 1800
9 (RLIN) 21880
700 1# - PUNTO DE ACCESO ADICIONAL--NOMBRE DE PERSONA
Nombre de persona Lozano, Gaspar
9 (RLIN) 21881
700 1# - PUNTO DE ACCESO ADICIONAL--NOMBRE DE PERSONA
Nombre de persona Roman, Manuel
Término indicativo de función/relación Impresor
9 (RLIN) 21882
902 ## - CATALOGADOR
Iniciales CFM
942 ## - ELEMENTOS DE PUNTO DE ACCESO ADICIONAL (KOHA)
Fuente del sistema de clasificación o colocación Library of Congress Classification
Tipo de ítem Koha Libros
Holdings
Estado de retiro Estado de pérdida Estado dañado No para préstamo Localización permanente Ubicación/localización actual Fecha de adquisición Total de préstamos Signatura topográfica completa Código de barras Fecha visto por última vez Precio válido a partir de Tipo de ítem Koha
El ejemplar forma parte de la colección y puede ser consultado según las políticas vigentes.       Biblioteca del Museo Franz Mayer (Rogerio Casas-Alatriste) Biblioteca del Museo Franz Mayer (Rogerio Casas-Alatriste) 04/04/2017   BE149 .L69 1733 CFM00106 22/03/2019 22/03/2019 Libros